Raman Imaging : Techniques and Applications

Saved in:
Bibliographic Details
Other Authors: Zoubir, Arnaud (Editor)
Format: Book
Language:English
Published: Berlín : Springer-Verlag Berlin Heidelberg, 2012
Tags: Add Tag
No Tags, Be the first to tag this record!

MARC

LEADER 00000nam a22000003a 4500
001 stu257143
005 20190206105217.0
008 121112s--------gw------------------eng-d
020 |a 978-3-642-28251-5 
040 |a STU  |b slo 
041 0 |a eng 
044 |a gw 
080 |a 543.42  |7 A000003321 
100 1 |a Zoubir, Arnaud  |4 edt 
245 1 |a Raman Imaging :  |b Techniques and Applications 
260 |a Berlín :  |b Springer-Verlag Berlin Heidelberg,  |c 2012 
300 |a 383 s 
996 |b 284EK89136  |c E*89136  |l EE33  |s P  |a 0  |w stu257143_0001